00441 2200157 4500001002100000005001500021035002000036245007000056100001800126250002000144300003200164260003900196082001000235084001600245020002200261INLIS00000000001729120260604015929 a0010-06260000131 aADMISIBILITAS BUKTI ELEKTRONIK DALAM PERSIDANGAN /cHARLI SIREGAR0 aHARLI SIREGAR aCetakan Pertama axxii, 202 hlm ;c15 x 23 cm aYOGYAKARTA :bRAJAWALI PERS,c2023 a353.4 a353.4 HAR a a978-623-08-0392-5